| 000 | 00921cam a2200301 a 4500 | ||
|---|---|---|---|
| 999 |
_c1172 _d1172 |
||
| 001 | 015285323 | ||
| 003 | UkOxU | ||
| 005 | 20210624080354.0 | ||
| 008 | 000316s2001 njua b 001 0 eng | ||
| 010 | _a00036173 | ||
| 020 | _a0130892963 | ||
| 035 | _a11942977 | ||
| 040 |
_aDLC _cDLC |
||
| 043 | _an-us--- | ||
| 050 | 0 | 0 |
_aLC4704 _b.M473 2001 |
| 082 | 0 | 0 |
_a371.9 _221 |
| 100 | 1 | _aMercer, Cecil D. | |
| 245 | 1 | 0 |
_aTeaching students with learning problems / _cCecil D. Mercer, Ann R. Mercer. |
| 250 | _a6th ed. | ||
| 260 |
_aUpper Saddle River, N.J. : _bMerrill Prentice Hall, _cc2001. |
||
| 300 |
_axi, 641 p. : _bill. ; _c24 cm. |
||
| 504 | _aIncludes bibliographical references and indexes. | ||
| 650 | 0 |
_aLearning disabled children _xEducation. |
|
| 650 | 0 |
_aLearning disabled children _xEducation _zUnited States. |
|
| 700 | 1 | _aMercer, Ann R. | |
| 942 |
_2lcc _cBK _nSO |
||